Kumpulan peraturan-peraturan untuk pamilihan Konstituante. (Record no. 88768)

MARC details
000 -LEADER
fixed length control field 00677cam a22002411 4500
001 - CONTROL NUMBER
control field sa 68019004
003 - CONTROL NUMBER IDENTIFIER
control field DLC
005 - DATE AND TIME OF LATEST TRANSACTION
control field 20260227112716.0
008 - FIXED-LENGTH DATA ELEMENTS--GENERAL INFORMATION
fixed length control field 860410s1956 io ak l 000 0 ind
010 ## - LIBRARY OF CONGRESS CONTROL NUMBER
LC control number sa 68019004
035 ## - SYSTEM CONTROL NUMBER
System control number (OCoLC)13418055
040 ## - CATALOGING SOURCE
Original cataloging agency DLC
Transcribing agency CU
Modifying agency DLC
042 ## - AUTHENTICATION CODE
Authentication code premarc
043 ## - GEOGRAPHIC AREA CODE
Geographic area code a-io---
050 00 - LIBRARY OF CONGRESS CALL NUMBER
Classification number LAW <Indonesia 4 Elections 1956>
110 1# - MAIN ENTRY--CORPORATE NAME
Corporate name or jurisdiction name as entry element Indonesia.
240 10 - UNIFORM TITLE
Uniform title Laws, etc.
245 10 - TITLE STATEMENT
Title Kumpulan peraturan-peraturan untuk pamilihan Konstituante.
260 ## - PUBLICATION, DISTRIBUTION, ETC.
Place of publication, distribution, etc. [Djakarta,
Name of publisher, distributor, etc. Kementerian Penerangan R.I.,
Date of publication, distribution, etc. 1956]
300 ## - PHYSICAL DESCRIPTION
Extent 542 p.
Other physical details illus., forms
Dimensions 24 cm.
650 #0 - SUBJECT ADDED ENTRY--TOPICAL TERM
Topical term or geographic name entry element Election law
Geographic subdivision Indonesia.
650 #0 - SUBJECT ADDED ENTRY--TOPICAL TERM
Topical term or geographic name entry element Law
Geographic subdivision Indonesia.

No items available.

Powered by Koha